| 000 | 00706nam a2200253 4500 | ||
|---|---|---|---|
| 001 | 32343 | ||
| 003 | BD-RjUL | ||
| 005 | 20211209051823.0 | ||
| 008 | 140426s1959 bg 000 0 eng d | ||
| 035 | _a(BD-RjUL)32432 | ||
| 040 |
_aDLC _cDLC _dDLC _dBD-RjUL _beng |
||
| 041 | _aeng | ||
| 082 | 0 | 0 |
_a550 _bNUH V-1 1959 |
| 100 | 0 |
_aNur Ahmed. _998397 |
|
| 245 | 1 | 4 |
_aThe holy Quran, science and modern knowledge / _cby Nur Ahmed. _nV-1 |
| 250 | _a[2d ed.] | ||
| 260 |
_aDacca, _bPrinters Publications _c1959. |
||
| 300 |
_a224 p. ; _c18 cm. |
||
| 650 | 0 |
_aQuestions and answers. _998398 |
|
| 650 | 0 |
_aIslam _xMiscellanea. _998399 |
|
| 942 |
_2ddc _cBK |
||
| 999 |
_c32343 _d32343 |
||